000
00345 a2200157 4500
001
72554
020
_a
853050318X
040
_c
Anchieta - Colégio São Paulo
100
_a
Barros, Sônia
240
1
0
_a
Saudade doída
_l
por
245
1
0
_a
Saudade doída
300
_a
45[1p.]
362
0
_a
2003
650
4
_a
Literatura infantil
942
_c
BK
999
_c
72554
_d
72554